Quizzes
Events
Quiz Creation
Community
Videos
Private Events
Remove Ads
Sign In
Join for FREE
Feedback
Dark Mode
Quiz Categories
Sports
Geography
Music
Movies
Television
Just For Fun
Miscellaneous
History
Literature
Language
Science
Gaming
Entertainment
Religion
Holiday
For Kids
Quiz Lab
Recent
Popular Today
Quiz Kudos Today
Editor Picks
Curator Picks
Quizzes by...
Day
Popularity
Type
Ratings
Length
Year
Community
Subscriptions
Recent Discussions
Orange Saloon
Badges
Playlists
Quests
Create
Leaderboards
Showdown
Live 5
Trivia Bingo
Activity
Puzzle Library
Sporcle Events
Private Events
Virtual Trivia
Globe League
Become a Host
Pub Owners
SporcleCon
Opinionation
Our Games
Videos
Blog
Mobile Apps
Partnerships
Remove Ads and Go Orange
Feedback
Television
TV Characters
TV Show
Sitcom
Network
Friends
Reality Shows
Cast
South Park
Star Trek
The Simpsons
Doctor Who
Television
TV Characters
TV Show
Sitcom
Network
Friends
Reality Shows
Cast
South Park
Star Trek
The Simpsons
Doctor Who
Random Quiz
Search Sporcle
×
Quiz Lab
Quiz Lab
Television
Pokémon
Type in answers that appear in a list
Type in answers that appear in a list
Classic
Best Score? Go Orange.
All of the Pokemon that Ash has ever had (as of today) Stats
Can you name All of Ash's Pokemon (as of today)
By
babensee
10m
102 Questions
195 Plays
195 Plays
195 Plays
Comments
Comments
Give Quiz Kudos
Give Quiz Kudos
-
- Ratings
hide this ad
Random Order
Randomize order of answers
Randomize order of answers
Replay
Link that replays current quiz
Next Quiz
Link to next quiz in quiz playlist
You Got
0%
They Got
Avg Score
70%
Avg Friend Score
Upgrade to see
Score Distribution
Jump to the score distribution portion of the page
Score
0/102
Timer
10:00
0
Plays Today
Hint
Answer
% Correct
Pikachu
95.9%
Charizard
87.2%
Charmeleon
84.1%
Bulbasaur
83.6%
Charmander
83.6%
Squirtle
83.1%
Butterfree
81%
Caterpie
81%
Pidgeot
79%
Metapod
77.4%
Tauros
75.4%
Tauros
75.4%
Tauros
75.4%
Tauros
75.4%
Tauros
75.4%
Tauros
75.4%
Tauros
75.4%
Tauros
75.4%
Tauros
75.4%
Tauros
75.4%
Tauros
75.4%
Tauros
75.4%
Tauros
75.4%
Tauros
75.4%
Tauros
75.4%
Tauros
75.4%
Tauros
75.4%
Tauros
75.4%
Tauros
75.4%
Tauros
75.4%
Tauros
75.4%
Tauros
75.4%
Tauros
75.4%
Tauros
75.4%
Hint
Answer
% Correct
Tauros
75.4%
Tauros
75.4%
Tauros
75.4%
Tauros
75.4%
Tauros
75.4%
Tauros
75.4%
Tauros
75.4%
Pidgeotto
75.4%
Totodile
72.8%
Snorlax
72.8%
Muk
72.3%
Chikorita
72.3%
Infernape
70.8%
Cyndaquil
70.8%
Chimchar
70.8%
Buizel
70.3%
Tepig
70.3%
Treecko
70.3%
Lapras
70.3%
Snivy
69.7%
Sceptile
69.7%
Torterra
69.2%
Swellow
69.2%
Oshawott
68.7%
Quilava
68.7%
Bayleef
68.7%
Kingler
68.7%
Turtwig
68.7%
Aipom
68.7%
Grovyle
68.7%
Monferno
68.2%
Primeape
68.2%
Pignite
67.7%
Noctowl
67.7%
Hint
Answer
% Correct
Heracross
67.7%
Staraptor
66.7%
Taillow
66.2%
Krabby
66.2%
Gible
65.6%
Grotle
65.6%
Gliscor
65.1%
Donphan
64.6%
Torkoal
64.1%
Gligar
64.1%
Starly
64.1%
Snorunt
64.1%
Glalie
63.6%
Pidove
63.6%
Staravia
63.1%
Phanpy
62.6%
Corphish
62.1%
Unfezant
61.5%
Boldore
61.5%
Beedrill
61.5%
Haunter
61.5%
Froakie
61%
Leavanny
59.5%
Raticate
58.5%
Fletchling
57.4%
Tranquill
57.4%
Roggenrola
57.4%
Sewaddle
57.4%
Larvitar
56.9%
Swadloon
56.4%
Palpitoad
54.9%
Krookodile
54.4%
Krokorok
54.4%
Scraggy
51.8%
Quiz Playlist
Details
Report
Send in Message
Add To Playlist
Classic:
Type in answers that appear in a list
Random Order:
Randomize order of answers
Last Updated: Feb 16, 2017
Quiz Scoreboard
CHALLENGE
Sign Up to Join the Scoreboard
Show All
Scores
Hide
Comments
May contain spoilers
Recently Published
Billboard Blitz: Fleetwood Mac
by CooCooCachoo
Music
15s
Presidents Visiting Landmarks
by Hejman
History
7m
An Introduction to Baseball
by treessimontrees
Sports
5m
More to Explore
Quiz From the Vault
Featured Blog Post
Where Did the Easter Bunny Come From?
hide this ad
You Might Also Like...
Tags
Pokémon Quiz
ash
Ash Pokémon
Ever
Today
Today's Top Quizzes in Television
Browse Television
hide this ad
Today's Top Quizzes in Pokémon
Browse Pokémon
Top Contributed Quizzes in Television
1
5-to-1: The Simpsons Families
2
5-to-1: Television Doctors
3
7-to-1: TV Show Settings
4
One Piece Logic Puzzle
5
5-to-1: Streaming Originals
6
Survivor Seasons
7
Survivor Logic Puzzle: Heroes vs. Villains
8
TV Shows by First Names
9
Survivor Season by Logo
10
One Thing in Common: Television
Explore More
Trending Topics
Kpop
Disney
Harry Potter
NBA
Crossword
Marvel
Anime
NFL
Pokémon
The Office
Soccer
Song
Puzzle
WWE
Country
hide this ad
More By:
babensee
Quiz
Plays
Rating
Category
Featured
Created
Rupaul's Drag Race Queens with 1M+ Followers
834
5.00
Entertainment
May 15, 2019
Carrie Underwood Songs
666
5.00
Music
Jun 19, 2016
Electric Type Pokemon
614
1.00
Gaming
Feb 17, 2014
Shugo Chara Ultimate Quiz
599
3.80
Television
Mar 22, 2013
Grass Type Pokemon
465
5.00
Gaming
Feb 16, 2014
Go to Creator's Profile
Score Distribution
Quiz Creator Spotlight
babensee
Follow
Send a Message
Quizzes Created
-
Created Quiz Play Count
-
More By This Creator
Popular Quizzes Today
1
Find the US States - No Outlines Minefield
2
Find the Countries of Europe - No Outlines Minefield
3
The Countries of the World
4
Find the US States
5
Popular People in 1961
6
US States
7
Risky Map Clicking: Biggest States A-Z
8
Movies - When Are They Set?
More Television Quizzes
Titular TV Show Character Match
Published
Trending Quizzes
Risky Map Clicking: Least Populous States A-Z
1-10 Letter G Words
1-10 Letter F Words
Risky Map Clicking: Next State Alphabetically
Risky Map Clicking: Biggest States A-Z
Recently Updated
Leaping Animals
pecheneg
Reality TV Shows (A-Z)
bhenderson79
Rickey Henderson's Hall of Fame Teammates
pecheneg
Champions League XIs: Arsenal
pecheneg
Quick Pick: Celebrities in WWE's Hall of Fame
aduchscher
A-Z Keypad Blitz II
pecheneg
Multiple Oscar Actors
pecheneg
Mystery Phrase Blitz: Oscar 'Best Actors'
pecheneg
F. Scott Fitzgerald Novels
LTH
Pick 3 Villains
ddd62291
Trending Topics
Harry Potter
Crossword
Marvel
Anime
Kpop
NBA
Disney
NFL
The Office
Pokémon
WWE
Puzzle
Soccer
Country
Song
Your Account Isn't Verified!
In order to create a playlist on Sporcle, you need to verify the email address you used during registration. Go to your
Sporcle Settings
to finish the process.
Report this User
Report this user for behavior that violates our
Community Guidelines
.
Details:
Send Report
Go to the Sporcle.com Mobile Site →
Comments